Städte in Nordrhein-Westfalen - Statistiken

Allgemein
  • Dieses Quiz wurde 133 mal gespielt
  • Das Durchschnittsergebnis liegt bei 13 aus 15
Answers on the Grid
Answers color-coded by a green-red scale on the quiz's grid according to % correct below.
Osnabrück
Köln
Aachen
Düsseldorf
Dortmund
Münster
Oldenburg
Mainz
Wiesbaden
Darmstadt
Koblenz
Trier
Bielefeld
Gelsenkirchen
Essen
Bonn
Kassel
Göttingen
Duisburg
Hannover
Ulm
Esslingen
Mönchengladbach
Leverkusen
Neuss
Mülheim an der Ruhr
Oberhausen
Fürth
Aurich
Pforzheim
 
Antwortstatistiken
Antwort % Korrekt
Dortmund
98%
Düsseldorf
96%
Köln
96%
Aachen
95%
Bonn
89%
Gelsenkirchen
89%
Münster
89%
Bielefeld
86%
Essen
85%
Mönchengladbach
85%
Neuss
85%
Mülheim an der Ruhr
84%
Oberhausen
84%
Duisburg
83%
Leverkusen
83%
Keine übereinstimmenden Quizze gefunden
Verteilung der Resultate
Anzahl Personen mit jedem Resultat
Perzentil nach korrekt beantworteten Fragen
Ihre Resultats-Entwicklung
Sie haben dieses Quiz noch nicht gespielt